000 01745nab a22002537a 4500
999 _c5314
_d5314
003 OSt
005 20250218123248.0
008 190603e xxum|||| |||| 00| 0 spa d
040 _cPJ-TDF
100 _96364
_aMoreno, Valeria
245 1 0 _aVigencia del nominalismo. Deuda dineraria y deuda de valor /
_cValeria Moreno.
260 _cCiudad Autónoma de Buenos Aires :
_aThomson Reuters La Ley,
_b2024.
300 _ap. 33-41
500 _aCita: TR LALEY AR/DOC/1981/2024. Publicado en: R.C.C. y C. 2024 (Septiembre-Octubre). EDICIÓN ESPECIAL: XXIX Jornadas Nacionales de Derecho Civil.
505 _aSumario: I. La deuda dineraria.— II. El principio nominalista.— III. La ley de convertibilidad del austral y la reafirmación del principio nominalista.— IV. La obligación de valor y la depreciación monetaria en plena vigencia del principio nominalista.— V. Una vez liquidada la deuda de valor, ¿la deuda continúa con esa naturaleza o se transforma en deuda dineraria? Debate doctrinario.— VI. Toma de posición del art. 772 del Cód. Civ. y Com.— VII. El planteo de inconstitucionalidad del art. 7° de la Ley de Convertibilidad. La doctrina y la postura de la Suprema Corte de Justicia de la Provincia de Buenos Aires en un reciente fallo.
505 _t¿Te interesa el texto completo? Solicitalo al correo: koha@justierradelfuego.gov.ar
650 0 _93790
_aACTUALIZACIÓN MONETARIA
650 0 _9292
_aECONOMIA Y FINANZAS
650 0 _94601
_aINFLACIÓN
650 0 _96312
_aCONVERTIBILIDAD
650 0 _94597
_aCONSTITUCIONALIDAD
773 0 _02713
_93170
_dCiudad Autónoma de Buenos Aires : Thomson Reuters La Ley, 2015-
_tRevista Código Civil y Comercial. Nº 5 - Septiembre-Octubre 2024
942 _2udc
_cANA